000 00290nam a22001097a 4500
082 _a621.391 BAR'D
100 _aBARTEE, THOMAS C
_925765
245 _aDIGITAL COMPUTER FUNDAMENTALS,COMMUNICATION ELECTRONICS FUNDAMENTALS
260 _aUSA
_bMCGRAW HILL
_c1976
300 _aV-P
942 _cBK
999 _c581488
_d581488